El País Vasco / (Record no. 60310)

MARC details
000 -LEADER
campo de control de longitud fija 00604nam a2200169 i 4500
001 - NÚMERO DE CONTROL
campo de control 60310
003 - IDENTIFICADOR DE NÚMERO DE CONTROL
campo de control ES-MaACL
007 - CAMPO FIJO DE DESCRIPCIÓN FÍSICA--INFORMACIÓN GENERAL
campo de control de longitud fija t|
008 - DATOS DE LONGITUD FIJA--INFORMACIÓN GENERAL
campo de control de longitud fija 031104s1955 sp ||||1| spa d
100 1# - ENTRADA PRINCIPAL--NOMBRE DE PERSONA
Nombre de persona Espel Uranga, Carlos.
9 (RLIN) 47805
245 13 - MENCIÓN DEL TÍTULO
Título El País Vasco /
Mención de responsabilidad, etc. Carlos Espel Uranga y Víctor Arana Gaiztarro ; [traducciones Alfred Candessus].
260 ## - PUBLICACIÓN, DISTRIBUCIÓN, ETC.
Lugar de publicación, distribución, etc. [S.l. :
Nombre del editor, distribuidor, etc. s.n.,
Fecha de publicación, distribución, etc. 1955] (
Lugar de fabricación/manufactura San Sebastián :
Fabricante Industrias gráficas H. Echevarría)
300 ## - DESCRIPCIÓN FÍSICA
Extensión 90 h., 50 lám., map. :
Otras características físicas il. ;
Dimensiones 31 cm.
700 1# - ENTRADA AGREGADA--NOMBRE PERSONAL
Nombre de persona Arana Gaiztarro.
9 (RLIN) 22255
700 1# - ENTRADA AGREGADA--NOMBRE PERSONAL
Nombre de persona Candessus, Alfred.
9 (RLIN) 34463
852 ## - LOCALIZACIÓN
Ubicación ES-MaACL
Número de control de estantería C-9376
Sublocalización o colección R.37786
Holdings
Estatus retirado Estado de pérdida Estado de daño No para préstamo Biblioteca de origen Biblioteca actual Ubicación en estantería Fecha de adquisición Fuente de adquisición Total de préstamos Signatura topográfica completa Código de barras Visto por última vez Precio de reemplazo Tipo de ítem Koha
        Biblioteca del Ateneo de Madrid Biblioteca del Ateneo de Madrid Sala Palomar 17/01/2008     C-9376 1063256 23/02/2023 23/02/2023 Libro impreso